S.Chand's common errors in english : (Record no. 102937)

MARC details
000 -LEADER
fixed length control field 00616nam a22001937a 4500
005 - DATE AND TIME OF LATEST TRANSACTION
control field 20160831155954.0
010 ## - LCCN (DPL NO)
LC control number ENG-115880
020 ## - INTERNATIONAL STANDARD BOOK NUMBER
International Standard Book Number 9789385676208
Terms of availability 275.00
035 ## - SYSTEM CONTROL NUMBER
System control number EN-99412
037 ## - SOURCE OF ACQUISITION
Source of stock number/acquisition DBAD/PUB
082 ## - DEWEY DECIMAL CLASSIFICATION NUMBER
Classification number 488.24
100 ## - MAIN ENTRY--PERSONAL NAME
Dates associated with a name Verma,Shalini
245 ## - TITLE STATEMENT
Title S.Chand's common errors in english :
Remainder of title for all national and state-level competitions /
Statement of responsibility, etc by Shalni Verma [and] Reetesh Anand
260 ## - PUBLICATION, DISTRIBUTION, ETC. (IMPRINT)
Place of publication, distribution, etc New Delhi
Name of publisher, distributor, etc S.Chand & Company
Date of publication, distribution, etc 2016
270 ## - ADDRESS
Address 7361,Ram Nagar
City New Delhi
Postal code 110055
300 ## - PHYSICAL DESCRIPTION
Extent 420p.
Dimensions 24cm(pbk)
700 ## - ADDED ENTRY--PERSONAL NAME
Personal name Anand,Reetesh
942 ## - ADDED ENTRY ELEMENTS (KOHA)
Source of classification or shelving scheme Dewey Decimal Classification
Item type English Books
Classification part 488.24
Call number suffix VER
Holdings
Withdrawn status Lost status Not for loan Collection code Home library Current library Date acquired Source of acquisition Cost, normal purchase price Full call number Barcode Copy number Cost, replacement price Koha item type
      Non-fiction Patel Nagar Patel Nagar 31/08/2016 DBAD/PUB 275.00 488.24 VER EN-99412 1 275.00 English Books

© Delhi Public Library
Hit Counter
free hit counter